Revisión del procedimiento en el cálculo de ejes equivalentes en el diseño de pavimentos flexibles en el tramo de carretera empalme Malpaisillo - empalme San Isidro.
El trabajo monográfico titulado Revisión del Procedimiento en el Cálculo de Ejes Equivalentes en el Diseño de Pavimentos Flexibles en el Tramo de Carretera Empalme Malpaisillo - Empalme San Isidro, se realizó con el objetivo de determinar la manera en que el cálculo de los ESAL's Incide e...
| Main Authors: | , |
|---|---|
| Other Authors: | |
| Format: | Tesis Section = Libro |
| Language: | Undetermined Spanish |
| Published: |
Managua
UNI
2011
|
| Subjects: |
| LEADER | 01352nam a2200265Ia 4500 | ||
|---|---|---|---|
| 008 | 240830s9999 xx 000 0 und d | ||
| 040 | |a BIBLIOTECA-RUPAP Mon 625.85 O15 | ||
| 041 | |a spa | ||
| 082 | |a Mon 625.85 O15 | ||
| 100 | 1 | |a Ocampos Salmerón, Karen Patricia | |
| 100 | 1 | |b Osorio Tórrez, Luis Carlos | |
| 245 | 1 | 0 | |a Revisión del procedimiento en el cálculo de ejes equivalentes en el diseño de pavimentos flexibles en el tramo de carretera empalme Malpaisillo - empalme San Isidro. |
| 260 | |a Managua |b UNI |c 2011 | ||
| 300 | |a 83 p. :il. | ||
| 500 | |a Contiene: anexos. | ||
| 502 | |a Tesis (Ingeniero Civil)- UNI, 2011. | ||
| 520 | 3 | |a El trabajo monográfico titulado Revisión del Procedimiento en el Cálculo de Ejes Equivalentes en el Diseño de Pavimentos Flexibles en el Tramo de Carretera Empalme Malpaisillo - Empalme San Isidro, se realizó con el objetivo de determinar la manera en que el cálculo de los ESAL's Incide en el comportamiento estructural y funcional de la vía en estudio a través del procedimiento realizado por el diseñador. | |
| 650 | 7 | |a PAVIMENTOS | |
| 650 | 7 | |b PAVIMENTOS FLEXIBLES | |
| 650 | 7 | |c PAVIMENTOS-DISEÑO Y CONSTRUCCION | |
| 650 | 7 | |d CARRETERAS-MANTENIMIENTO Y REPARACION | |
| 700 | 1 | |a Tutor: |b Méndez Talavera, Alejandro Alberto | |
| 942 | |c BK |2 ddc | ||
| 991 | |a TESIS | ||
| 999 | |c 16122 | ||